[Event "Brescia op"]
[Site "Brescia"]
[Date "2009.06.10"]
[Round "5"]
[White "Majeric, Zoran"]
[Black "Rota, Simone"]
[Result "1-0"]
[WhiteElo "2281"]
[BlackElo "1997"]
[PlyCount "85"]
[EventDate "2009.06.06"]
[EventType "swiss"]
[EventRounds "9"]
[EventCountry "ITA"]
[SourceTitle "EXT 2010"]
[Source "ChessBase"]
[SourceDate "2010.11.25"]
[SourceVersion "1"]
[SourceVersionDate "2010.11.25"]
[SourceQuality "1"]

1. d4 d5 2. Nc3 Nf6 3. Bg5 Nbd7 4. Qd3 c6 5. e4 dxe4 6. Nxe4 Nxe4 7. Qxe4 Qa5+ 8. Bd2 Qb6 9. 0-0-0 Nf6 10. Qf4 Be6 11. c4 0-0-0 12. Nf3 Ng4 13. Be1 g6 14. Kb1 Bh6 15. Qg3 Nf6 16. Qh4 Bg7 17. Ng5 Bf5+ 18. Bd3 Bxd3+ 19. Rxd3 Rhf8 20. Nf3 h6 21. Ne5 g5 22. Qh3+ Kb8 23. Rb3 Qc7 24. Ba5 b6 25. Qf3 Rc8 26. c5 Nd5 27. cxb6 axb6 28. Bxb6 Nxb6 29. Rxb6+ Qxb6 30. Nd7+ Kc7 31. Nxb6 Kxb6 32. Rc1 e6 33. h4 gxh4 34. Qb3+ Kc7 35. Qf3 Kd7 36. Rc4 f5 37. b4 Rc7 38. a4 Ra8 39. b5 Rac8 40. b6 Rb7 41. a5 Bf8 42. d5 exd5 43. Qxf5+ 1-0